| 000 | 00318nam a2200121Ia 4500 | ||
|---|---|---|---|
| 008 | 190216s9999||||xx |||||||||||||| ||und|| | ||
| 100 | _aRahim Ali Hashmi | ||
| 245 | 0 | _aMuhammad The Benefactor Of Humanity | |
| 260 |
_bOxford Of Islamic Publications _c1987 |
||
| 300 | _a322p | ||
| 650 | _aIslamic History | ||
| 942 | _cBK | ||
| 999 |
_c22003 _d22003 |
||